நிலமானியம் ஆசியாவினதும் இலங்கையினதுமு் சழூக உருவுாக்கம் பள்ளிய ஆய்வு/

Saved in:
Bibliographic Details
Main Author: பண்டாரநாயக்க,சேனக
Other Authors: சண்முகலிங்கம்,க.( மொழிபெயர்ப்பு - தமிழ்)
Format: Book
Language:English
Tamil
Published: கொழும்பு: குமரன் புத்தக இல்லம் , 2020
Subjects:
Tags: Add Tag
No Tags, Be the first to tag this record!

MARC

LEADER 00000nam a22000007a 4500
005 20260417155202.0
008 260416b |||||||| |||| 00| 0 eng d
020 |a 9789556596144 
041 |a tam 
082 |a 333.32095493  |b பண்டா 
100 |a பண்டாரநாயக்க,சேனக   |9 117423 
245 |a நிலமானியம் ஆசியாவினதும் இலங்கையினதுமு் சழூக உருவுாக்கம் பள்ளிய ஆய்வு/  |c சேனக பண்டாரநாயக்க. 
260 |a கொழும்பு:   |b குமரன் புத்தக இல்லம் ,  |c 2020 
300 |a xii,59p.:  |b ill;  |c 21.cm 
500 |a Purchased 
650 |a நிலம் மற்றும் ஆற்றல் பொருளாதாரம் - சமூக உரிமை (இலங்கை)  |9 117424 
700 |a சண்முகலிங்கம்,க.( மொழிபெயர்ப்பு - தமிழ்)  |9 117425 
942 |c BK 
999 |c 71417  |d 71417